000 003390000a22001330004500
003 MACL
040 _aMACL
090 _c5159
_d5158
100 _aMajumdar, Uma
245 _aIndia's National Library
_bSystematization and Modernization
260 _bThe National Library
_c1987
650 _aLibrary & Information Science
942 _cBOOK
_k020
999 _c5121
_d5121